Влияние режима плазменной порошковой наплавки на строение получаемых покрытий; Современные техника и технологии; Т. 1

Detalles Bibliográficos
Parent link:Современные техника и технологии: сборник трудов XVI Международной научно-практической конференции студентов, аспирантов и молодых ученых, Томск, 12-16 апреля 2010 г/ Национальный исследовательский Томский политехнический университет (ТПУ).— , 2010
Т. 1.— 2010.— [С. 317-319]
Autor Principal: Дегтерев А. С. Александр Сергеевич
Outros autores: Гнюсов С. Ф. Сергей Фёдорович (научный руководитель)
Summary:Заглавие с титульного листа
Электронная версия печатной публикации
Idioma:ruso
Publicado: 2010
Subjects:
Acceso en liña:http://www.lib.tpu.ru/fulltext/v/Conferences/2010/K04/104160.pdf
Formato: Electrónico Capítulo de libro
KOHA link:https://koha.lib.tpu.ru/cgi-bin/koha/opac-detail.pl?biblionumber=227745

MARC

LEADER 00000nla2a2200000 4500
001 227745
005 20231031201356.0
035 |a (RuTPU)RU\TPU\book\248183 
035 |a RU\TPU\book\248181 
090 |a 227745 
100 |a 20121210d2010 k y0rusy50 ca 
101 0 |a rus 
102 |a RU 
105 |a y z 101zy 
135 |a drnn ---uucaa 
181 0 |a i  
182 0 |a b 
200 1 |a Влияние режима плазменной порошковой наплавки на строение получаемых покрытий  |b Электронный ресурс  |f А. С. Дегтерев  |g науч. рук. С. Ф. Гнюсов 
203 |a Текст  |c электронный 
215 |a 1 файл (227 Кб) 
230 |a Электронные текстовые данные (1 файл : 227 Кб) 
300 |a Заглавие с титульного листа 
300 |a Электронная версия печатной публикации 
461 0 |0 (RuTPU)RU\TPU\book\245271  |t Современные техника и технологии  |o сборник трудов XVI Международной научно-практической конференции студентов, аспирантов и молодых ученых, Томск, 12-16 апреля 2010 г  |o в 3 т.  |f Национальный исследовательский Томский политехнический университет (ТПУ)  |d 2010 
463 0 |0 (RuTPU)RU\TPU\book\245275  |t Т. 1  |v [С. 317-319]  |d 2010  |p [511 с.] 
610 1 |a порошковые наплавки 
610 1 |a покрытия 
610 1 |a строение 
610 1 |a плазменные покрытия 
610 1 |a наплавки 
610 1 |a сила тока 
610 1 |a электронный ресурс 
610 1 |a труды учёных ТПУ 
700 1 |a Дегтерев  |b А. С.  |c специалист в области сварочного производства  |c ассистент кафедры Томского политехнического университета  |f 1984-  |g Александр Сергеевич  |2 stltpush  |3 (RuTPU)RU\TPU\pers\29443 
702 1 |a Гнюсов  |b С. Ф.  |c специалист в области машиностроения  |c профессор Томского политехнического университета, доктор технических наук  |f 1960-  |g Сергей Фёдорович  |2 stltpush  |4 727 
801 1 |a RU  |b 63413507  |c 20121116 
801 2 |a RU  |b 63413507  |c 20170621  |g RCR 
856 4 |u http://www.lib.tpu.ru/fulltext/v/Conferences/2010/K04/104160.pdf 
942 |c CF